Boss final des jeux Mario qui ne sont pas Bowser - Statistiques

Statistiques générales
  • Ce quiz a été pris 95 fois
    72 depuis la dernière actualisation
  • Le résultat moyen est 6 sur 21
Statistiques - réponses
Jeu Boss Final % Correct
Luigi's Mansion 2 & 3 Roi Boo
85%
Super Mario Land 2 Wario
67%
Super Mario Land Tatanga
52%
Super Mario Bros. 2 Wart
46%
Mario & Luigi : Superstar Saga Bowsémona / Âme de Graguémona
40%
Mario & Luigi : Les frères du temps Princesse Xhampi (Grande Sœur)
38%
Mario & Luigi : Voyage au centre de Bowser Bowser Noir / Astre Noir (Noyau)
35%
Paper Mario : The Origami King Roi Olly
35%
Super Paper Mario Super Dimensio
33%
Mario Kart DS Wiggler
33%
Paper Mario : La porte Millénaire Reine des Ténèbres
21%
Mario et Sonic aux jeux olympiques d'hiver Sochi 2014 Dr.Eggman Nega / Bowser Skelet / Rouge the bat
19%
Super Mario RPG Forgeroi
19%
Captaine Toad : Treasure tracker Wingo
15%
Mario Sport Mix Roi Behemoth
10%
Princesse Peach : Showtime ! Syrah
8%
Mario + Lapins crétins : Sparks of Hope Cursa
6%
Mario et Sonic aux jeux olympiques d'hiver (Wii) Équipe Skelerex
6%
Mario et Sonic aux jeux olympiques de Río 2016 (Wii U) Larry Koopa
6%
Mario Party 3 Étoile Millénaire
2%
Mario Golf : Star Rush Roi des Neiges
2%
Aucun quiz correspondant
Distribution des résultats
% des personnes avec chaque résultat
Percentile par nombre de réponses
Votre historique - résultats
Vous n’avez pas pris ce quiz depuis la dernière actualisation